000 00247nam a22001097a 4500
999 _c261812
_d261811
020 _a0590494619
100 _aScholastic
245 _aThe Scholastic Rhyming Dictionary
260 _aNew York
_bScholastic
_c1994
300 _a154 pgs
942 _cBK